| 000 | 00977nam0a22002891 4500 | ||
|---|---|---|---|
| 001 | rc\4665051 | ||
| 005 | 20130416203732.1 | ||
| 021 |
_aRU _bРг9235-64 |
||
| 035 | _a(NLR Aleph) 008418470 | ||
| 090 |
_a9341492 _c9341492 |
||
| 100 | _a20130416d1963 |||y0rusy50 ca | ||
| 101 | 0 | _arus | |
| 102 | _aRU | ||
| 105 | _aa b ||||| | ||
| 200 | 1 |
_aПереносный частометр Д506М _e[Каталог] |
|
| 210 |
_aМосква _cБ. и. _d[1963] |
||
| 215 |
_a4 с. _cил. _d30 |
||
| 225 | 1 |
_a[ЦИНТИЭлектропром] _fКиевский совнархоз. Завод "Точэлектроприбор" _v4295 |
|
| 300 | _aВзамен 4181 | ||
| 300 | _aВ вып. дан. сост.: Г.А. Ворощенко | ||
| 702 | 1 |
_aВорошенко _bГ. А. _4220 |
|
| 712 | 0 | 2 | _a"Точэлектроприбор", завод (Киев) |
| 801 | 0 |
_aRU _bNLR _gpsbo |
|
| 801 | 1 |
_aRU _bELAR _2rusmarc |
|
| 852 |
_aNLR _jПт 20/1-4295 |
||
| 942 | _cBOOK | ||
| 980 | _aNB | ||